000
00322nam a2200133Ia 4500
008
150201s2000 xx 000 0 und d
082
_a
616.07
_b
U00H
100
_a
HUETHER,SUE E
245
_a
UNDERSTANDING PATHOPHYSILOGY
250
_a
3RD
260
_b
MOSBY ELSEVIER
_a
DELHI
_c
2000
650
_a
PATHOLOGY
942
_2
ddc
_c
BK
999
_c
967
_d
967